书目信息 |
| 题名: |
宗教深思 艺术浅唱
|
|
| 作者: | 吴爱丽 , 吕学峰 著 | |
| 分册: | ||
| 出版信息: | 成都 四川人民出版社 2004 |
|
| 页数: | 296页 | |
| 开本: | 21cm | |
| 丛书名: | ||
| 单 册: | ||
| 中图分类: | J19 | |
| 科图分类: | ||
| 主题词: | 宗教--关系--艺术--研究 | |
| 电子资源: | ||
| ISBN: | 7-220-06724-0 | |
| 000 | 01268nam0 2200325 450 | |
| 000 | 01231nam0 2200313 450 | |
| 000 | 01201nam0 2200313 450 | |
| 000 | 01147nam0 2200289 450 | |
| 000 | 01176nam0 2200277 450 | |
| 000 | 01139nam0 2200265 45 | |
| 001 | TS-128747 | |
| 005 | 20061207153406.26 | |
| 010 | @a7-220-06724-0@dCNY20.00 | |
| 100 | @a20060829d2004 em y0chiy0110 ea | |
| 101 | 0 | @achi |
| 102 | @aCN@b510000 | |
| 105 | @aa z 000yy | |
| 200 | 1 | @a宗教深思 艺术浅唱@AZong Jiao Shen Si Yi Shu Qian Chang@e宗教与艺术的哲学话语@EZong Jiao Yu Yi Shu De Zhe Xue Hua Yu@f吴爱丽,吕学峰著@FWu Ai Li, Lu^ Xue Feng Zhu |
| 210 | @a成都@c四川人民出版社@d2004 | |
| 215 | @a296页@c照片,图@d21cm | |
| 330 | @a本书着力探讨的是宗教和艺术共同的终极精神追寻,从解读生命、把握存在、守望家园这三大主题出发,直抵宗教和艺术的内在根本,拓求灵性的意义哲思。 | |
| 517 | 1 | @a宗教与艺术的哲学话语@AZong Jiao Yu Yi Shu De Zhe Xue Hua Yu |
| 606 | 0 | @a宗教@x关系@x艺术@x研究 |
| 690 | @aJ19@v4 | |
| 701 | 0 | @a吴爱丽@AWu Ai Li@c(女)@4著 |
| 701 | 0 | @a吕学峰@ALu^ Xue Feng@c(艺术)@4著 |
| 801 | 0 | @aCN@b中图数据@c20061207 |
| 905 | @a10447@dJ19@e61 | |
| 宗教深思 艺术浅唱:宗教与艺术的哲学话语/吴爱丽,吕学峰著.-成都:四川人民出版社,2004 |
| 296页:照片,图;21cm |
| ISBN 7-220-06724-0:CNY20.00 |
| 本书着力探讨的是宗教和艺术共同的终极精神追寻,从解读生命、把握存在、守望家园这三大主题出发,直抵宗教和艺术的内在根本,拓求灵性的意义哲思。 |
| ● |
| 相关链接 |
|
|
|
|
正题名:宗教深思 艺术浅唱
索取号:J19/61
 
预约/预借
| 序号 | 登录号 | 条形码 | 馆藏地/架位号 | 状态 | 备注 |
| 1 | 0605042 | 206050422 | 第一样本阅览室/ [索取号:J19/61] | 在馆 | |
| 2 | 0605043 | 206050431 | 第一借阅区/ [索取号:J19/61] | 在馆 | |
| 3 | 0605044 | 206050440 | 第一借阅区/ [索取号:J19/61] | 在馆 | |
| 4 | 0605045 | 206050459 | 第一借阅区/ [索取号:J19/61] | 在馆 | |
| 5 | 0605046 | 206050468 | 第一借阅区/ [索取号:J19/61] | 在馆 | |
| 6 | 0605047 | 206050477 | 第一借阅区/ [索取号:J19/61] | 在馆 |